| 000 | 00610nam a22001817a 4500 | ||
|---|---|---|---|
| 003 | OSt | ||
| 005 | 20230116134736.0 | ||
| 008 | 221021b |||||||| |||| 00| 0 eng d | ||
| 040 | _cBiblioteca LadoV | ||
| 082 |
_a700.1 _bM986a |
||
| 110 |
_9159 _aMuseo de Arte y Diseño Contemporaneo _eautor |
||
| 245 | _aArte Popular Político Peruano/ | ||
| 260 |
_aSan Jose, Costa Rica _c1996 _bColección Peter Gaupp |
||
| 300 |
_a16p. _c22x28cm |
||
| 650 |
_2Tesauro de Arte & Arquitectura _aDIRECTORIO |
||
| 650 |
_2Tesauro de Arte & Arquitectura _aREFERENCIA |
||
| 942 |
_2ddc _c1 _h700.1 _iM986a _n0 |
||
| 999 |
_c2802 _d2802 |
||